[Event "Online Olym Div2 E 2021"]
[Site "chess.com INT"]
[Date "2021.09.03"]
[Round "4.2"]
[Board "1"]
[White "Garcia Cardenas, Pablo"]
[Black "Juarez Flores, Carlos A."]
[Result "1/2-1/2"]
[WhiteTitle "IM"]
[BlackTitle "IM"]
[WhiteElo "2422"]
[BlackElo "2374"]
[WhiteTeam "Chile"]
[BlackTeam "Guatemala"]
[WhiteFideId "3406903"]
[BlackFideId "7300018"]
[EventDate "2021.09.02"]
[EventType "team"]

1. d4 d5 2. c4 e6 3. Nc3 c5 4. cxd5 exd5 5. Nf3 Nc6 6. g3 c4 7. Bg2 Bb4 8. O-O
Nge7 9. e4 dxe4 10. Nxe4 Bf5 11. Qe2 O-O 12. Rd1 Be6 13. Nfg5 Bf5 14. Qxc4 h6
15. d5 Ba5 16. Bf4 Nb4 17. d6 Ng6 18. Bd2 Rc8 19. Qb3 Nc2 20. Rac1 Nd4 21. Qd3
Bb6 22. Nf3 Nxf3+ 23. Qxf3 Qd7 24. Qa3 Ne5 25. Be3 Nc4 26. Qb3 Nxe3 27. fxe3
Rce8 28. Nc5 Qd8 29. Qd5 Be6 30. Qxb7 Qg5 31. Nxe6 Qxe3+ 32. Kh1 Qxe6 33. Bd5
Qe5 34. Rf1 Rb8 35. Bxf7+ Kh8 36. Qe7 Qxb2 37. Rcd1 Rbd8 38. Bd5 Rfe8 39. Qh4
Rxd6 40. Qh5 Red8 41. Bb3 Rxd1 42. Rxd1 Rf8 43. Re1 Qf2 44. Qe2 Qf6 45. Qe4 Qf2
46. Bc2 g6 47. Rd1 Qf3+ 48. Qxf3 Rxf3 49. Bxg6 Rf2 50. a4 Ra2 51. Be8 Kg7 52.
Rd6 Re2 53. Bb5 Rf2 54. Bd3 Rf6 55. Rd7+ Rf7 56. Rd5 Rf8 57. Rd6 Rd8 58. Rg6+
Kf7 59. Bf5 Rd1+ 60. Kg2 h5 61. Rh6 Rd2+ 62. Kh1 Rd1+ 63. Kg2 Rd2+ 64. Kh3 Bg1
65. Rxh5 Rxh2+ 66. Kg4 Rxh5 67. Kxh5 Kg7 68. Kg5 a5 69. Bd3 Bc5 70. Kf5 Bb4 71.
g4 Bc3 72. g5 Bb4 73. g6 Bc3 74. Ke6 Bb4 75. Kd5 Be1 76. Kc5 Bb4+ 77. Kb5 Kf6
78. Kc4 Kg7 79. Kd5 Kf6 80. Kc4 Kg7 81. Kd5 1/2-1/2

[Event "Online Olym Div2 E 2021"]
[Site "chess.com INT"]
[Date "2021.09.03"]
[Round "4.2"]
[Board "2"]
[White "Ortiz Q, Johnny Alexander"]
[Black "Abarca Gonzalez, Nicolas"]
[Result "0-1"]
[WhiteTitle "FM"]
[BlackTitle "IM"]
[WhiteElo "2192"]
[BlackElo "2412"]
[WhiteTeam "Guatemala"]
[BlackTeam "Chile"]
[WhiteFideId "7300220"]
[BlackFideId "3409422"]
[EventDate "2021.09.02"]
[EventType "team"]

1. d4 Nf6 2. Nf3 g6 3. c4 Bg7 4. Nc3 d5 5. g3 O-O 6. Bg2 c5 7. dxc5 dxc4 8. Qa4
Nc6 9. O-O Qa5 10. Qxc4 Be6 11. Qh4 Qxc5 12. Be3 Qb4 13. Qxb4 Nxb4 14. Nd4 Bd5
15. a3 Bxg2 16. Kxg2 Nbd5 17. Nxd5 Nxd5 18. Rac1 Rac8 19. b3 Nxe3+ 20. fxe3 Rfd8
21. Kf3 Bh6 22. Rxc8 Rxc8 23. Rd1 a6 24. Ke4 f5+ 25. Ke5 Rd8 26. Rd3 Rd6 27. Ne6
Rxd3 28. exd3 Bxe3 29. Nd8 b6 30. d4 Bg1 31. h3 Bf2 32. g4 fxg4 33. hxg4 h5 34.
gxh5 gxh5 35. Ne6 h4 36. Ng5 Kg7 37. Ke6 Bxd4 38. Nh3 Bf6 39. a4 Kg6 40. b4 b5
41. axb5 axb5 42. Kd5 e5 43. Kc5 e4 44. Kxb5 Kf5 45. Kc4 Kg4 46. Nf2+ Kf3 47.
Nh3 Kg3 48. Ng1 h3 49. Nxh3 Kxh3 50. b5 Kg4 51. b6 Kf3 52. Kd5 Bd8 53. b7 Bc7
54. Kc6 Bb8 0-1

[Event "Online Olym Div2 E 2021"]
[Site "chess.com INT"]
[Date "2021.09.03"]
[Round "4.2"]
[Board "3"]
[White "Morales Flores, Monserrat"]
[Black "Mencos, Claudia"]
[Result "1/2-1/2"]
[WhiteTitle "WCM"]
[BlackTitle "WIM"]
[WhiteElo "1953"]
[BlackElo "1977"]
[WhiteTeam "Chile"]
[BlackTeam "Guatemala"]
[WhiteFideId "3412016"]
[BlackFideId "7300573"]
[EventDate "2021.09.02"]
[EventType "team"]

1. e4 c5 2. Nf3 e6 3. d4 cxd4 4. Nxd4 a6 5. Be2 Qc7 6. O-O Nf6 7. Nc3 Nc6 8. Be3
Ne5 9. f4 Nc4 10. Bxc4 Qxc4 11. Qf3 h5 12. h3 h4 13. Rad1 Nh5 14. Bf2 Bc5 15. b3
Qb4 16. Nce2 Be7 17. e5 g6 18. a4 Ng7 19. c3 Qa5 20. Rd3 Rb8 21. Rfd1 Qc7 22. b4
b6 23. Nb3 O-O 24. Qg4 Nf5 25. Ned4 Kg7 26. Nxf5+ exf5 27. Qe2 Rd8 28. Bd4 Kg8
29. Bf2 d6 30. Qe1 dxe5 31. Rxd8+ Bxd8 32. fxe5 Be6 33. Nd4 Qe7 34. Nc6 Qc7 35.
Nxb8 Qxb8 36. Qd2 Bc7 37. Bxh4 Bxe5 38. Bg5 Qc7 39. Qd8+ Qxd8 40. Rxd8+ Kg7 41.
Be3 Bxc3 42. Bxb6 Bxb4 43. Bd4+ Kh6 44. h4 Kh5 45. g3 Kg4 46. Kg2 a5 47. Be3 Bc3
48. Bd4 Bb4 49. Bf6 Bb3 50. Rd4+ Kh5 51. Rd8 Kg4 52. Rd4+ Kh5 53. Rd8 Kg4 1/2-1/2

[Event "Online Olym Div2 E 2021"]
[Site "chess.com INT"]
[Date "2021.09.03"]
[Round "4.2"]
[Board "4"]
[White "Mazariegos, Silvia Carolina"]
[Black "Fuentes Inzunza, Lesly"]
[Result "0-1"]
[WhiteTitle "WIM"]
[BlackTitle "WFM"]
[WhiteElo "1933"]
[BlackElo "1840"]
[WhiteTeam "Guatemala"]
[BlackTeam "Chile"]
[WhiteFideId "7300115"]
[BlackFideId "3408205"]
[EventDate "2021.09.02"]
[EventType "team"]

1. f4 Nf6 2. Nf3 g6 3. e3 Bg7 4. Nc3 O-O 5. d3 d6 6. g3 c5 7. Bg2 Nc6 8. O-O e5
9. h3 h5 10. a3 a6 11. Rb1 Qc7 12. Bd2 Bd7 13. Ne2 Rad8 14. e4 Nd4 15. fxe5 dxe5
16. Bg5 Qd6 17. Nexd4 cxd4 18. Qd2 Rc8 19. Rf2 Nh7 20. Bh6 Rc6 21. Bxg7 Kxg7 22.
Rbf1 Be6 0-1

[Event "Online Olym Div2 E 2021"]
[Site "chess.com INT"]
[Date "2021.09.03"]
[Round "4.2"]
[Board "5"]
[White "Pena Cifuentes, Tomas Alberto"]
[Black "Molina Hun, Hieysson"]
[Result "1-0"]
[WhiteElo "2018"]
[BlackElo "1506"]
[WhiteTeam "Chile"]
[BlackTeam "Guatemala"]
[WhiteFideId "3421996"]
[BlackFideId "7303009"]
[EventDate "2021.09.02"]
[EventType "team"]

1. d4 d6 2. c4 g6 3. Nc3 Bg7 4. e4 Nf6 5. f4 O-O 6. Nf3 Nbd7 7. Bd3 e5 8. fxe5
dxe5 9. d5 Qe7 10. O-O Ng4 11. Qe1 Nb6 12. h3 Nh6 13. Bg5 f6 14. Be3 f5 15. exf5
gxf5 16. Bxh6 Bxh6 17. Qxe5 Qc5+ 18. Kh1 Nxc4 19. Bxc4 Qxc4 20. Rae1 Bd7 21.
Qg3+ Kh8 22. Ne5 Rad8 23. Nxc4 b5 24. Ne5 b4 25. Ne2 Bb5 26. a4 bxa3 27. bxa3
Rxd5 28. Qh4 Rxe5 29. Qxh6 Rf7 30. Nf4 1-0

[Event "Online Olym Div2 E 2021"]
[Site "chess.com INT"]
[Date "2021.09.03"]
[Round "4.2"]
[Board "6"]
[White "Santiago Sontay, Jenny Fernanda"]
[Black "Rozas Lazcano, Valeska"]
[Result "1-0"]
[WhiteElo "1708"]
[BlackElo "1399"]
[WhiteTeam "Guatemala"]
[BlackTeam "Chile"]
[WhiteFideId "7303084"]
[BlackFideId "3438910"]
[EventDate "2021.09.02"]
[EventType "team"]

1. e4 c5 2. Nf3 e6 3. d4 cxd4 4. Nxd4 a6 5. Nc3 b5 6. Be3 Bb7 7. Bd3 Qc7 8. O-O
Nf6 9. a3 Be7 10. Qe2 d6 11. f4 g6 12. Rae1 Nbd7 13. h3 h5 14. Bf2 Nc5 15. Rd1
O-O-O 16. b4 Nxd3 17. cxd3 Kd7 18. Rc1 Qb8 19. Rc2 Rc8 20. Rfc1 Rhd8 21. a4 Bc6
22. axb5 Bxb5 23. Ncxb5 axb5 24. Nc6 Rxc6 25. Rxc6 Ke8 26. Bb6 Nd7 27. Bxd8 Bxd8
28. d4 Qa7 29. Qd3 Qa4 30. Qc3 Ke7 31. Kh1 Qa7 32. g4 hxg4 33. hxg4 Qb7 34. Qd3
Nb8 35. Rc8 Nd7 36. d5 exd5 37. exd5 Qb6 38. Qe4+ Kf8 39. R1c7 Nf6 40. Rxd8+ Kg7
41. Qe7 Qf2 42. Qxf7+ Kh6 43. Rh8+ Nh7 44. Qxh7# 1-0

[Event "Online Olym Div2 E 2021"]
[Site "chess.com INT"]
[Date "2021.09.03"]
[Round "4.3"]
[Board "1"]
[White "Martinez Duany, Lelys Stanley"]
[Black "Christie, Joshua"]
[Result "1-0"]
[WhiteTitle "GM"]
[BlackTitle "FM"]
[WhiteElo "2520"]
[BlackElo "2206"]
[WhiteTeam "Cuba"]
[BlackTeam "Jamaica"]
[WhiteFideId "3504727"]
[BlackFideId "7402074"]
[EventDate "2021.09.02"]
[EventType "team"]

1. e4 e6 2. d4 d5 3. Nc3 Bb4 4. e5 c5 5. a3 Bxc3+ 6. bxc3 Qa5 7. Bd2 Qa4 8. Qg4
Kf8 9. Nf3 Nc6 10. Be2 Qxc2 11. O-O c4 12. a4 Nge7 13. Qf4 h6 14. Bd1 Qe4 15.
Qg3 g5 16. Ne1 Nf5 17. Qh3 Qh4 18. Qf3 Qe4 19. Qxe4 dxe4 20. Bc2 Na5 21. Bxe4
Bd7 22. Bc1 Bc6 23. Ba3+ Ke8 24. Bxc6+ Nxc6 25. Rb1 b6 26. Nc2 Na5 27. Ne3 Nxe3
28. fxe3 Nb3 29. Rf2 Rd8 30. Rbf1 Rd7 31. e4 Rh7 32. d5 Kd8 33. Bd6 Kc8 34. dxe6
fxe6 35. Rf6 Nd2 36. Re1 Kb7 37. Rxe6 Ka6 38. Bb4 Rhf7 39. Rf6 Rh7 40. e6 Rc7
41. e7 Rcxe7 42. Bxe7 Rxe7 43. e5 Ka5 44. e6 Kxa4 45. Rf7 Re8 46. e7 Kb3 47. Rf8
Rxe7 48. Rxe7 Kxc3 49. Rxa7 b5 50. Rc8 b4 51. Rd7 Ne4 52. Re7 Nd2 53. Re3+ Kc2
54. Kf2 b3 55. Ke2 b2 56. Rd8 Nb3 57. Rc8 b1=Q 58. Rxc4+ Kb2 59. Rb4 Qc2+ 60.
Kf3 Qd1+ 61. Kf2 Qd8 62. Rbxb3+ Ka2 63. Rbd3 Qf6+ 64. Ke2 Qa6 65. Ke1 Kb2 66.
Rb3+ Ka2 67. Ra3+ Qxa3 68. Rxa3+ Kxa3 69. Ke2 Kb2 70. Kf3 Kc2 71. Kg4 Kd3 72.
Kh5 Ke4 73. Kxh6 Kf5 74. Kh5 Kf4 75. g3+ Kf5 76. h3 Kf6 77. g4 1-0

[Event "Online Olym Div2 E 2021"]
[Site "chess.com INT"]
[Date "2021.09.03"]
[Round "4.3"]
[Board "3"]
[White "Forgas Moreno, Yaniela"]
[Black "Miller, Rachel"]
[Result "1-0"]
[WhiteTitle "WIM"]
[BlackTitle "CM"]
[WhiteElo "2310"]
[BlackElo "2004"]
[WhiteTeam "Cuba"]
[BlackTeam "Jamaica"]
[WhiteFideId "3508072"]
[BlackFideId "7401302"]
[EventDate "2021.09.02"]
[EventType "team"]

1. e4 e5 2. Nf3 Nc6 3. Bc4 Bc5 4. c3 Nf6 5. d3 d6 6. O-O h6 7. a4 a5 8. Re1 O-O
9. Nbd2 Be6 10. h3 Bxc4 11. dxc4 Ne7 12. Nh4 Ng6 13. Nf5 Nf4 14. Nf1 N6h5 15.
Qf3 Kh7 16. g3 Nxh3+ 17. Kg2 Nxf2 18. Qxh5 Nd3 19. Bxh6 Nxe1+ 20. Rxe1 g6 21.
Qh3 Kg8 22. Bxf8 Qxf8 23. N1e3 gxf5 24. Nxf5 f6 25. Qh5 Qe8 26. Qg4+ Kf7 27. Rh1
Qg8 28. Nh6+ Ke7 29. Nxg8+ 1-0

[Event "Online Olym Div2 E 2021"]
[Site "chess.com INT"]
[Date "2021.09.03"]
[Round "4.3"]
[Board "4"]
[White "Clarke, Adani"]
[Black "Linares Napoles, Oleiny"]
[Result "0-1"]
[WhiteTitle "WCM"]
[BlackTitle "WGM"]
[WhiteElo "1811"]
[BlackElo "2255"]
[WhiteTeam "Jamaica"]
[BlackTeam "Cuba"]
[WhiteFideId "7402082"]
[BlackFideId "3504794"]
[EventDate "2021.09.02"]
[EventType "team"]

1. d4 d5 2. c4 dxc4 3. e3 Nf6 4. Bxc4 a6 5. a4 e6 6. Nc3 c5 7. Nf3 Nc6 8. d5
exd5 9. Nxd5 Be6 10. Nxf6+ Qxf6 11. Qb3 Na5 12. Qb6 Nxc4 13. Qxb7 Rd8 14. Qxa6
Bd6 15. Qb5+ Rd7 16. Nd2 Nxd2 17. Bxd2 O-O 18. Bc3 Qh4 19. Qc6 Rfd8 20. h3 Bf8
21. Qb5 Bc4 22. Qb6 Qe4 23. Rg1 Qc2 0-1

[Event "Online Olym Div2 E 2021"]
[Site "chess.com INT"]
[Date "2021.09.03"]
[Round "4.3"]
[Board "5"]
[White "Alvarez Calzadilla, Jose Avelino"]
[Black "Glaves, Raheem"]
[Result "1-0"]
[WhiteTitle "FM"]
[BlackTitle "FM"]
[WhiteElo "2287"]
[BlackElo "2139"]
[WhiteTeam "Cuba"]
[BlackTeam "Jamaica"]
[WhiteFideId "3526151"]
[BlackFideId "7402724"]
[EventDate "2021.09.02"]
[EventType "team"]

1. e4 c6 2. Nf3 d5 3. Nc3 dxe4 4. Nxe4 Bf5 5. Ng3 Bg6 6. h4 h6 7. Ne5 Bh7 8. Qh5
g6 9. Qf3 Nf6 10. Qb3 Qd5 11. Qxb7 Qxe5+ 12. Be2 e6 13. a4 Bc5 14. d4 Bxd4 15.
Qxa8 O-O 16. c3 Bxc3+ 17. Kf1 Bxb2 18. Bxb2 Qxb2 19. Rd1 Qb6 20. a5 Qxa5 21. Qb7
Qc5 22. Bf3 Nd5 23. Ne4 Qb5+ 24. Qxb5 cxb5 25. Nd6 Nc3 26. Ra1 a6 27. Ne4 Nxe4
28. Bxe4 Rd8 29. Ke2 f5 30. Bb7 Rd6 31. Rhc1 Nd7 32. Rxa6 Rxa6 33. Bxa6 Nf6 34.
Bxb5 Kg7 35. Rc7+ Kf8 36. Bc4 Bg8 37. f4 Ne4 38. Ke3 Bf7 39. Bd3 Nf6 40. Ra7
Nd5+ 41. Kf3 Nf6 42. Bc4 Ne4 43. Ra8+ Kg7 44. Ke3 Nd6 45. Bd3 Kf6 46. Ra6 Ne8
47. Kd4 Ng7 48. Ra7 Nh5 49. Ke3 Ng7 50. Be2 h5 51. Kd4 Ne8 52. Rd7 Ng7 53. Bb5
Be8 54. Rxg7 Bxb5 55. Ra7 Bc6 56. g3 Bd5 57. Ra6 Bb3 58. Rb6 Ba2 59. Kc5 Bd5 60.
Kd6 Ba2 61. Rb8 Kf7 62. Rb7+ Kf6 63. Ra7 Bb3 64. Ra8 Kf7 65. Ke5 Kg7 66. Ra7+
Kh6 67. Kf6 Bd5 68. Rg7 Bc4 69. Rxg6+ Kh7 70. Rg7+ Kh6 71. Re7 e5 72. fxe5 f4
73. gxf4 Bd5 74. Rc7 Be4 75. e6 Bg6 76. e7 Be8 77. Rc8 Bg6 78. e8=Q 1-0

[Event "Online Olym Div2 E 2021"]
[Site "chess.com INT"]
[Date "2021.09.03"]
[Round "4.3"]
[Board "6"]
[White "Brown, Raehanna"]
[Black "Obregon Garcia, Roxangel"]
[Result "0-1"]
[WhiteTitle "WCM"]
[BlackTitle "WIM"]
[WhiteElo "1594"]
[BlackElo "2167"]
[WhiteTeam "Jamaica"]
[BlackTeam "Cuba"]
[WhiteFideId "7402740"]
[BlackFideId "3520420"]
[EventDate "2021.09.02"]
[EventType "team"]

1. c4 e5 2. Nc3 Nc6 3. g3 Bc5 4. Bg2 a6 5. d3 d6 6. Nf3 f5 7. e4 Nf6 8. exf5
Bxf5 9. O-O O-O 10. Be3 Qe8 11. Qd2 Qh5 12. Nh4 Be6 13. Ne4 Nxe4 14. Bxe4 Nd4
15. Bxd4 Bxd4 16. Kh1 Rf6 17. Ng2 Raf8 18. f4 c6 19. Bf3 Bg4 20. Qe2 Bxf3 21.
Qxf3 Qh3 22. Qe2 Rh6 23. Ne1 Qxg3 24. Nc2 Ba7 25. fxe5 Rxf1+ 26. Rxf1 Qxe5 27.
Qxe5 dxe5 28. Re1 Bb8 29. Ne3 e4 30. Ng4 Rd6 31. Rxe4 Kf7 32. d4 h5 33. Ne5+ Kf6
34. Rh4 Kg5 35. Re4 Kf5 36. Rh4 g6 37. Kg2 c5 38. Nf3 cxd4 39. Rxd4 Rb6 40. b3
Rf6 41. Rd5+ Ke4 42. Ng5+ Ke3 43. Nh3 b6 44. Rd8 Bd6 45. Ra8 a5 46. Rg8 Kd3 47.
Nf2+ Kd4 48. Rd8 Re6 49. h3 Kc5 50. Kf3 Kb4 51. Ne4 Be5 52. Rd2 a4 53. Rd3 axb3
54. axb3 Ka3 55. c5 b5 56. Ng5 Rc6 57. Rd5 Bf6 58. Ne4 Kb4 59. Rd3 Be5 60. Ke3
g5 61. Nxg5 Kxc5 62. Ne4+ Kb4 63. Rd5 Re6 64. Kd3 h4 65. Ke3 Bg3 66. Kf3 Be1 67.
Rh5 Rb6 68. Nf2 Rf6+ 69. Kg4 Bxf2 70. Kg5 Rf8 71. Kg4 Bg3 72. Kg5 Kxb3 73. Kg4
b4 0-1

[Event "Online Olym Div2 E 2021"]
[Site "chess.com INT"]
[Date "2021.09.03"]
[Round "4.4"]
[Board "1"]
[White "Almiron, Antonio"]
[Black "Gemy, Jose Daniel"]
[Result "0-1"]
[WhiteTitle "FM"]
[BlackTitle "IM"]
[WhiteElo "2366"]
[BlackElo "2380"]
[WhiteTeam "Paraguay"]
[BlackTeam "Bolivia"]
[WhiteFideId "3701166"]
[BlackFideId "3301478"]
[EventDate "2021.09.02"]
[EventType "team"]

1. d4 Nf6 2. c4 g6 3. Nc3 Bg7 4. e4 d6 5. Nf3 O-O 6. Be2 Bg4 7. Be3 Nbd7 8. Nd2
Bxe2 9. Qxe2 c5 10. d5 e6 11. O-O exd5 12. cxd5 Re8 13. f3 Nb6 14. a4 Nfxd5 0-1

[Event "Online Olym Div2 E 2021"]
[Site "chess.com INT"]
[Date "2021.09.03"]
[Round "4.4"]
[Board "2"]
[White "Ferrufino, Boris"]
[Black "Benitez Galeano, Alejandro"]
[Result "0-1"]
[WhiteTitle "CM"]
[BlackTitle "FM"]
[WhiteElo "2095"]
[BlackElo "2201"]
[WhiteTeam "Bolivia"]
[BlackTeam "Paraguay"]
[WhiteFideId "3300170"]
[BlackFideId "3703568"]
[EventDate "2021.09.02"]
[EventType "team"]

1. d4 d5 2. Nf3 Nf6 3. e3 e6 4. Bd3 Bd6 5. Nbd2 b6 6. Ne5 Bxe5 7. dxe5 Nfd7 8.
f4 Ba6 9. O-O O-O 10. Nf3 f6 11. exf6 Qxf6 12. Bd2 Qxb2 13. Qe1 Bxd3 14. cxd3
Qf6 15. Bc3 Qg6 16. Rd1 c5 17. Nh4 Qf7 18. Rf3 Nc6 19. Qf2 Rae8 20. Rf1 Nf6 21.
h3 e5 22. fxe5 Nxe5 23. Bxe5 Rxe5 24. Nf5 Qg6 25. Rg3 Nd7 26. Rxg6 hxg6 27. e4
gxf5 28. Qc2 fxe4 29. Rxf8+ Kxf8 30. dxe4 Rxe4 31. Qf2+ Nf6 32. Qf5 d4 33. g4 d3
34. Qc8+ Kf7 35. Qc7+ Re7 36. Qf4 Rd7 37. g5 d2 38. Qc4+ Rd5 39. gxf6 d1=Q+ 40.
Kf2 Qd4+ 0-1

[Event "Online Olym Div2 E 2021"]
[Site "chess.com INT"]
[Date "2021.09.03"]
[Round "4.4"]
[Board "3"]
[White "Perez Rodriguez, Jennifer"]
[Black "Cordero, Daniela"]
[Result "1-0"]
[WhiteTitle "WIM"]
[BlackTitle "WIM"]
[WhiteElo "2251"]
[BlackElo "2010"]
[WhiteTeam "Paraguay"]
[BlackTeam "Bolivia"]
[WhiteFideId "3507831"]
[BlackFideId "3301630"]
[EventDate "2021.09.02"]
[EventType "team"]

1. e4 e6 2. d4 d5 3. Bd3 c5 4. exd5 exd5 5. Nf3 c4 6. Be2 Bb4+ 7. c3 Bd6 8. O-O
Nf6 9. b3 cxb3 10. axb3 O-O 11. Re1 Re8 12. Bg5 h6 13. Bh4 g5 14. Bg3 Bxg3 15.
hxg3 Nc6 16. Nbd2 Bf5 17. Bb5 Qb6 18. Ba4 Rxe1+ 19. Qxe1 Re8 20. Qf1 Re7 21. Re1
Rxe1 22. Qxe1 Kg7 23. b4 a5 24. b5 Na7 25. c4 dxc4 26. Nxc4 Qd8 27. Qe5 Bd3 28.
Nd6 Qd7 29. Nd2 Nc8 30. N2e4 Bxe4 31. Nxe4 Qe6 32. Nc5 Qxe5 33. dxe5 Nd5 34.
Nxb7 Ncb6 35. Bb3 Nc3 36. Nxa5 Nxb5 37. f4 Nd4 38. Kf2 Nxb3 39. Nxb3 Nc4 40. Kf3
Kg6 41. Ke4 gxf4 42. gxf4 h5 43. g3 Nb6 44. Nd4 Nc4 45. Nf3 Nb6 46. Nh4+ Kg7 47.
f5 Nc4 48. Ng2 Nd2+ 49. Kf4 Nc4 50. Ne3 Nd2 51. Nd5 Kh6 52. e6 fxe6 53. fxe6 Nc4
54. Kf5 Kg7 55. Kg5 Nd6 56. Kxh5 Nf5 57. Kg4 Nd4 58. e7 Kf7 59. Kh5 Nf5 60. g4
Ng7+ 61. Kh6 Ne8 62. g5 1-0

[Event "Online Olym Div2 E 2021"]
[Site "chess.com INT"]
[Date "2021.09.03"]
[Round "4.4"]
[Board "4"]
[White "Kilibarda Acebey, Veroska Isabela"]
[Black "Vargas, Gabriela"]
[Result "0-1"]
[BlackTitle "WIM"]
[WhiteElo "1276"]
[BlackElo "2152"]
[WhiteTeam "Bolivia"]
[BlackTeam "Paraguay"]
[WhiteFideId "3318419"]
[BlackFideId "3700860"]
[EventDate "2021.09.02"]
[EventType "team"]

1. e4 e6 2. d4 d5 3. Nc3 Nf6 4. e5 Nfd7 5. f4 c5 6. Nf3 Nc6 7. Be3 a6 8. a3 b5
9. Be2 Qb6 10. Qd2 cxd4 11. Nxd4 Bc5 12. Nxc6 Bxe3 13. Qd3 Bxf4 14. Nb4 Nxe5 15.
Qd1 Bb7 16. Nd3 Nxd3+ 17. Qxd3 Qe3 18. Qxe3 Bxe3 19. Nd1 Bb6 20. a4 b4 21. Rf1
Ke7 22. Nf2 Rac8 23. Bd1 a5 24. Nd3 f6 25. Rb1 e5 26. g3 Ba6 27. Kd2 e4 28. Re1
Kd6 29. Nf4 Rhe8 30. Ng2 Bf2 31. Rh1 e3+ 32. Kc1 e2 33. Bxe2 Rxe2 34. Nf4 Rcxc2+
35. Kd1 Red2# 0-1

[Event "Online Olym Div2 E 2021"]
[Site "chess.com INT"]
[Date "2021.09.03"]
[Round "4.4"]
[Board "5"]
[White "Melian, Juan Sebastian"]
[Black "Titichoca Daza, Daniel"]
[Result "0-1"]
[WhiteTitle "CM"]
[BlackTitle "CM"]
[WhiteElo "1978"]
[BlackElo "2061"]
[WhiteTeam "Paraguay"]
[BlackTeam "Bolivia"]
[WhiteFideId "3706575"]
[BlackFideId "3309550"]
[EventDate "2021.09.02"]
[EventType "team"]

1. e4 d6 2. d4 Nf6 3. Nc3 e5 4. Nf3 Nbd7 5. Bc4 Be7 6. O-O O-O 7. h3 c6 8. Qe2
exd4 9. Nxd4 Re8 10. a3 Bf8 11. f3 d5 12. Ba2 Nc5 13. Be3 dxe4 14. fxe4 Ncxe4
15. Bxf7+ Kxf7 16. Qc4+ Kg6 17. Nce2 h6 18. Nf4+ Kh7 19. Qf7 Bd6 20. Rae1 Bxf4
21. Rxf4 Ng5 22. Qb3 Bxh3 23. Rh4 Be6 24. Qd3+ Kg8 25. Bxg5 hxg5 26. Rh6 Bd5 27.
Rxe8+ Qxe8 28. Rh2 Qe1+ 0-1

[Event "Online Olym Div2 E 2021"]
[Site "chess.com INT"]
[Date "2021.09.03"]
[Round "4.4"]
[Board "6"]
[White "Beltran Salvador, Milka"]
[Black "Oviedo Acosta, Paula"]
[Result "1-0"]
[WhiteElo "1602"]
[BlackElo "1637"]
[WhiteTeam "Bolivia"]
[BlackTeam "Paraguay"]
[WhiteFideId "3310078"]
[BlackFideId "3704394"]
[EventDate "2021.09.02"]
[EventType "team"]

1. d4 Nf6 2. c4 c5 3. d5 e6 4. Nc3 exd5 5. cxd5 d6 6. e4 g6 7. Bd3 Bg7 8. Nf3
O-O 9. Bg5 a6 10. a4 Bg4 11. h3 Bxf3 12. Qxf3 Nbd7 13. Qe2 Re8 14. O-O Ne5 15.
f4 Nxd3 16. Qxd3 Qb6 17. Kh1 Rac8 18. f5 Nd7 19. f6 h6 20. Bh4 Bh8 21. Qd2 Kh7
22. a5 Qd8 23. Qf4 Re5 24. Qf2 Re8 25. Ra3 c4 26. Qf4 Nc5 27. Bg3 Re5 28. Qf3
Re8 29. Qf4 Qd7 30. Qxd6 Qxd6 31. Bxd6 Nxe4 32. Nxe4 Rxe4 33. Be7 Rc7 34. d6 Rd7
35. Rc3 g5 36. b3 cxb3 37. Rxb3 Kg6 38. Rc3 Re6 39. Rc7 Rxc7 40. dxc7 Rc6 41.
Bd8 h5 42. Rb1 Bxf6 43. Bxf6 Rxc7 44. Bd8 Rd7 45. Bb6 f6 46. Rc1 h4 47. Re1 Kf5
48. Rf1+ Ke5 49. Re1+ Kf4 50. Kg1 g4 51. hxg4 Kxg4 52. Re4+ Kg5 53. Be3+ Kh5 54.
Bf2 f5 55. Rxh4+ Kg5 56. Rb4 f4 57. Bb6 Kf5 58. Kf2 Rd2+ 59. Kf1 Rd7 60. Ke2 Kg5
61. Rc4 Re7+ 62. Kf3 Re1 63. Rc7 Rf1+ 64. Ke2 Ra1 65. Rxb7 Ra2+ 66. Kf3 Ra3+ 67.
Kf2 Ra2+ 68. Kg1 Kg4 69. Rg7+ Kf5 70. Kf1 Ke4 71. Re7+ Kd3 72. Rd7+ Ke4 73. Ra7
Ra1+ 74. Kf2 Ra2+ 75. Kg1 Ra1+ 76. Kh2 Ra2 77. Re7+ Kf5 78. Rf7+ Kg5 79. Bd8+
Kg4 80. Rg7+ Kf5 81. Rg5+ Ke4 82. Rg4 Kf5 83. Rg8 Ke4 84. Re8+ Kd3 85. Rf8 Ke4
86. Bc7 f3 87. Rxf3 Kd4 88. Rf6 Ra4 89. Rf4+ 1-0

[Event "Online Olym Div2 E 2021"]
[Site "chess.com INT"]
[Date "2021.09.03"]
[Round "4.5"]
[Board "1"]
[White "Duran Vega, Sergio"]
[Black "Chavez, Ricardo Ernesto"]
[Result "1-0"]
[WhiteTitle "IM"]
[BlackTitle "FM"]
[WhiteElo "2340"]
[BlackElo "2242"]
[WhiteTeam "Costa Rica"]
[BlackTeam "El Salvador"]
[WhiteFideId "6501311"]
[BlackFideId "6700098"]
[EventDate "2021.09.02"]
[EventType "team"]

1. Nf3 Nf6 2. c4 d6 3. d4 Nbd7 4. g3 e5 5. Nc3 c6 6. e4 Be7 7. Bg2 O-O 8. O-O
Qc7 9. Qc2 Re8 10. h3 a6 11. Be3 Bf8 12. Rad1 b5 13. cxb5 cxb5 14. Qb1 Bb7 15.
Rc1 Qd8 16. dxe5 Nxe5 17. Nxe5 dxe5 18. Rfd1 Qa5 19. a3 b4 20. axb4 Bxb4 21. Bg5
Qb6 22. Na4 Qe6 23. Nc5 Bxc5 24. Rxc5 Rac8 25. b4 h6 26. Be3 Bc6 27. Rd2 Bb5 28.
Qd1 Nd7 29. Rxb5 1-0

[Event "Online Olym Div2 E 2021"]
[Site "chess.com INT"]
[Date "2021.09.03"]
[Round "4.5"]
[Board "2"]
[White "Arias, Lemnys A."]
[Black "Minero Pineda, Sergio"]
[Result "1/2-1/2"]
[WhiteTitle "IM"]
[BlackTitle "IM"]
[WhiteElo "2303"]
[BlackElo "2361"]
[WhiteTeam "El Salvador"]
[BlackTeam "Costa Rica"]
[WhiteFideId "6700284"]
[BlackFideId "6500374"]
[EventDate "2021.09.02"]
[EventType "team"]

1. d4 Nf6 2. c3 g6 3. Nd2 d5 4. e3 Bg7 5. Bd3 O-O 6. Ngf3 c5 7. O-O b6 8. e4 Bb7
9. e5 Ne4 10. Qe2 Nxd2 11. Bxd2 Nc6 12. h4 Bc8 13. h5 Bg4 14. h6 Bh8 15. Qe3
Bxf3 16. gxf3 f6 17. f4 fxe5 18. fxe5 cxd4 19. cxd4 Qd7 20. Bc3 Qg4+ 21. Qg3 Qh5
22. Kg2 Qxh6 23. f4 e6 24. f5 exf5 25. Bxf5 Nxd4 26. Bxd4 Qd2+ 27. Kh3 Qh6+ 28.
Kg2 Qd2+ 29. Kh3 Qh6+ 30. Kg2 1/2-1/2